[Event "Landesliga Sued 1213"]
[Site "Bayern"]
[Date "2013.03.17"]
[Round "8.7"]
[White "Gruettner, Ralf"]
[Black "Buss, Christof"]
[Result "1-0"]
[WhiteElo "2059"]
[BlackElo "2005"]
[PlyCount "73"]
[EventDate "2012.10.14"]
[EventType "team-tourn"]
[EventRounds "9"]
[EventCountry "GER"]
[SourceTitle "EXT 2015"]
[Source "ChessBase"]
[SourceDate "2014.11.20"]
[SourceVersion "1"]
[SourceVersionDate "2014.11.20"]
[SourceQuality "1"]
[WhiteTeam "Freising"]
[BlackTeam "Germering"]
[WhiteTeamCountry "GER"]
[BlackTeamCountry "GER"]

1. e4 e5 2. Nf3 Nc6 3. Bc4 Bc5 4. b4 Bxb4 5. c3 Bc5 6. d4 exd4 7. Qb3 Qe7 8. 0-0 Bb6 9. cxd4 Nxd4 10. Nxd4 Bxd4 11. Nc3 c6 12. Ba3 Bc5 13. Bxc5 Qxc5 14. Bxf7+ Kf8 15. Rad1 Nh6 16. Bc4 b5 17. Be2 a5 18. Rd3 a4 19. Qd1 Nf7 20. Kh1 d6 21. f4 Be6 22. Bf3 Bc4 23. Re1 Bxd3 24. Qxd3 b4 25. Ne2 b3 26. axb3 a3 27. Nc3 Ke7 28. e5 dxe5 29. Na4 Qb4 30. Qe3 Ra6 31. fxe5 Rb8 32. e6 Qxb3 33. Qxb3 Rxb3 34. exf7+ Kxf7 35. Nc5 Rab6 36. Nxb3 Rxb3 37. Bxc6 1-0

[Event "Landesliga Sued 1213"]
[Site "Bayern"]
[Date "2012.11.25"]
[Round "3.8"]
[White "Schroeder, Frank"]
[Black "Buss, Christof"]
[Result "0-1"]
[WhiteElo "1878"]
[BlackElo "2005"]
[PlyCount "154"]
[EventDate "2012.10.14"]
[EventType "team-tourn"]
[EventRounds "9"]
[EventCountry "GER"]
[SourceTitle "EXT 2015"]
[Source "ChessBase"]
[SourceDate "2014.11.20"]
[SourceVersion "1"]
[SourceVersionDate "2014.11.20"]
[SourceQuality "1"]
[WhiteTeam "Ingolstadt"]
[BlackTeam "Germering"]
[WhiteTeamCountry "GER"]
[BlackTeamCountry "GER"]

1. d4 Nf6 2. c4 e6 3. Nf3 d5 4. cxd5 exd5 5. Qc2 Bd6 6. Bg5 0-0 7. e3 Re8 8. Bd3 h6 9. Bh4 c6 10. Nbd2 Bg4 11. 0-0 Nbd7 12. Rab1 Re6 13. b4 b6 14. Rfc1 Qf8 15. Qb3 Ne4 16. Rb2 a5 17. a3 b5 18. Bxe4 dxe4 19. Ne1 axb4 20. axb4 Ra4 21. Nc2 Qa8 22. Bg3 Bf8 23. h3 Be2 24. d5 cxd5 25. Nd4 Bc4 26. Nxe6 Bxb3 27. Nc7 Qb7 28. Rxb3 Bxb4 29. Nf1 Nc5 30. Rxb4 Rxb4 31. Rxc5 Rb1 32. Be5 b4 33. g3 f6 34. Bd4 b3 35. Kg2 b2 36. Rb5 Qxc7 37. Rxb2 Rxb2 38. Bxb2 Qc2 39. Bd4 Qe2 40. Nh2 f5 41. h4 Kf7 42. Be5 g6 43. Bh8 f4 44. gxf4 Qh5 45. Kg3 g5 46. hxg5 hxg5 47. Be5 Qh4+ 48. Kg2 gxf4 49. Bxf4 d4 50. Bg3 Qd8 51. exd4 Qxd4 52. Bf4 Ke6 53. Be3 Qg7+ 54. Kf1 Qh7 55. Bf4 Qh3+ 56. Ke2 Qd3+ 57. Ke1 Qb1+ 58. Ke2 Qh1 59. Bg3 Kd5 60. Ke3 Qe1+ 61. Kf4 Qd2+ 62. Kf5 e3 63. fxe3 Qxe3 64. Bf4 Qe6+ 65. Kg5 Ke4 66. Bg3 Qg8+ 67. Kh4 Qh7+ 68. Kg4 Qf5+ 69. Kh4 Qe6 70. Kg5 Qg8+ 71. Kh4 Kf5 72. Kh3 Qa8 73. Ng4 Qh8+ 74. Bh4 Qh5 75. Ne3+ Ke4 76. Ng4 Kf3 77. Nh2+ Kf4 0-1

[Event "Regionalliga SO 1011"]
[Site "Bayern"]
[Date "2011.02.27"]
[Round "7.6"]
[White "Buss, Christof"]
[Black "Krauss, Andreas"]
[Result "0-1"]
[WhiteElo "2035"]
[BlackElo "1907"]
[PlyCount "20"]
[EventDate "2010.10.10"]
[EventType "team-tourn"]
[EventRounds "9"]
[EventCountry "GER"]
[SourceTitle "EXT 2012"]
[Source "ChessBase"]
[SourceDate "2011.11.24"]
[SourceVersion "1"]
[SourceVersionDate "2011.11.24"]
[SourceQuality "1"]
[WhiteTeam "Unterpfaff Germering"]
[BlackTeam "Deggendorf"]
[WhiteTeamCountry "GER"]
[BlackTeamCountry "GER"]

1. d4 e6 2. c4 b6 3. Nc3 Bb7 4. e4 Bb4 5. Bd3 f5 6. Qh5+ g6 7. Qe2 Nf6 8. f3 Nc6 9. e5 Nxd4 10. Qf2 Nh5 0-1

[Event "Regionalliga SO 1011"]
[Site "Bayern"]
[Date "2011.01.16"]
[Round "5.6"]
[White "Buss, Christof"]
[Black "Homann, Christian"]
[Result "1/2-1/2"]
[WhiteElo "2035"]
[BlackElo "1770"]
[PlyCount "54"]
[EventDate "2010.10.10"]
[EventType "team-tourn"]
[EventRounds "9"]
[EventCountry "GER"]
[SourceTitle "EXT 2012"]
[Source "ChessBase"]
[SourceDate "2011.11.24"]
[SourceVersion "1"]
[SourceVersionDate "2011.11.24"]
[SourceQuality "1"]
[WhiteTeam "Unterpfaff Germering"]
[BlackTeam "Pang/Rosenheim II"]
[WhiteTeamCountry "GER"]
[BlackTeamCountry "GER"]

1. d4 Nf6 2. c4 e5 3. dxe5 Ng4 4. Nf3 Nc6 5. e3 Ngxe5 6. Nxe5 Nxe5 7. Be2 Bb4+ 8. Kf1 0-0 9. a3 Be7 10. Nc3 d6 11. Nd5 Bh4 12. f4 c6 13. Nc3 Ng6 14. g3 Bh3+ 15. Kf2 Be7 16. Bf3 f5 17. Ne2 Qd7 18. Qd3 Rad8 19. b4 Bg4 20. Bxg4 fxg4 21. Kg2 d5 22. Rd1 Qf5 23. cxd5 Qxd5+ 24. Qxd5+ Rxd5 25. Rxd5 cxd5 26. Ra2 Rd8 27. Rc2 Rd7 1/2-1/2

[Event "Regionalliga SO 1011"]
[Site "Bayern"]
[Date "2010.11.14"]
[Round "3.6"]
[White "Buss, Christof"]
[Black "Schneider, Richard1111"]
[Result "1-0"]
[WhiteElo "2035"]
[BlackElo "2092"]
[PlyCount "59"]
[EventDate "2010.10.10"]
[EventType "team-tourn"]
[EventRounds "9"]
[EventCountry "GER"]
[SourceTitle "EXT 2012"]
[Source "ChessBase"]
[SourceDate "2011.11.24"]
[SourceVersion "1"]
[SourceVersionDate "2011.11.24"]
[SourceQuality "1"]
[WhiteTeam "Unterpfaff Germering"]
[BlackTeam "Graefelfing"]
[WhiteTeamCountry "GER"]
[BlackTeamCountry "GER"]

1. c4 c5 2. Nf3 g6 3. d4 cxd4 4. Nxd4 Bg7 5. Nc3 Nc6 6. Nb3 d6 7. e4 f5 8. exf5 Bxf5 9. Bd3 Qc8 10. Nd5 Bxd3 11. Qxd3 Ne5 12. Qe2 e6 13. Nf4 g5 14. Nh5 Bh6 15. c5 Qc6 16. 0-0 Qa6 17. Qe4 Qc6 18. Qd4 Qd5 19. Qa4+ Qc6 20. Qb4 Ne7 21. cxd6 Nd5 22. Qd4 Nf7 23. Nc5 0-0-0 24. Nxe6 Rxd6 25. Nxg5 Nf6 26. Qxa7 Nxg5 27. Bxg5 Bxg5 28. Qa8+ Kc7 29. Qxh8 Qe4 30. Qg7+ 1-0

[Event "Regionalliga SO 0910"]
[Site "Bayern"]
[Date "2010.02.07"]
[Round "6.6"]
[White "Buss, Christof"]
[Black "Guenes, Erdogan"]
[Result "1-0"]
[WhiteElo "2035"]
[BlackElo "1946"]
[PlyCount "82"]
[EventDate "2009.10.18"]
[EventType "team-tourn"]
[EventRounds "9"]
[EventCountry "GER"]
[SourceTitle "EXT 2011"]
[Source "ChessBase"]
[SourceDate "2010.11.26"]
[SourceVersion "1"]
[SourceVersionDate "2010.11.26"]
[SourceQuality "1"]
[WhiteTeam "Unterpfaffenhofen"]
[BlackTeam "Waldkraiburg"]
[WhiteTeamCountry "GER"]
[BlackTeamCountry "GER"]

1. e4 c5 2. Nf3 d6 3. c4 e5 4. d3 f5 5. Nc3 Nf6 6. exf5 Bxf5 7. Nh4 Be6 8. g3 Nc6 9. Bg2 Be7 10. 0-0 0-0 11. f4 Qd7 12. f5 Bf7 13. g4 h6 14. h3 Nd4 15. Nf3 Rab8 16. b3 a6 17. Be3 b5 18. Qd2 b4 19. Ne2 Nxf3+ 20. Bxf3 Nh7 21. Ng3 Bg5 22. Ne4 Bxe3+ 23. Qxe3 Qe7 24. Bg2 Ng5 25. f6 gxf6 26. Nxf6+ Kg7 27. h4 Nh7 28. Ne4 Bg6 29. Qg3 a5 30. Nd2 Rxf1+ 31. Nxf1 Rf8 32. Ne3 Nf6 33. Rd1 Qd7 34. Kh2 h5 35. gxh5 Nxh5 36. Qg5 Qd8 37. Nf5+ Kh8 38. Qxg6 Rxf5 39. Qxf5 Qxh4+ 40. Qh3 Qf4+ 41. Kh1 Qg5 1-0

[Event "Regionalliga SO 0910"]
[Site "Bayern"]
[Date "2009.10.18"]
[Round "1.6"]
[White "Moser, Wolfgang"]
[Black "Buss, Christof"]
[Result "1/2-1/2"]
[WhiteElo "2064"]
[BlackElo "2035"]
[PlyCount "59"]
[EventDate "2009.10.18"]
[EventType "team-tourn"]
[EventRounds "9"]
[EventCountry "GER"]
[SourceTitle "EXT 2011"]
[Source "ChessBase"]
[SourceDate "2010.11.26"]
[SourceVersion "1"]
[SourceVersionDate "2010.11.26"]
[SourceQuality "1"]
[WhiteTeam "Trostberg"]
[BlackTeam "Unterpfaffenhofen"]
[WhiteTeamCountry "GER"]
[BlackTeamCountry "GER"]

1. d4 Nf6 2. Nf3 e6 3. e3 d5 4. Bd3 Bd6 5. 0-0 0-0 6. Nbd2 Nbd7 7. c4 c6 8. Qc2 h6 9. b3 e5 10. cxd5 cxd5 11. dxe5 Nxe5 12. Nxe5 Bxe5 13. Bb2 Bxb2 14. Qxb2 Qe7 15. Qd4 Qa3 16. Rfc1 Be6 17. Nf1 Rac8 18. Rd1 a6 19. f3 Rfd8 20. Ng3 Rd7 21. Nf5 Ne8 22. g4 Rdc7 23. Kf2 Rc3 24. Kg3 R8c7 25. Rd2 Rc1 26. Kg2 Bxf5 27. Bxf5 g6 28. Bd3 Qe7 29. Rxc1 Rxc1 30. e4 1/2-1/2